000 00297nam a2200157Ia 4500
100 _aSchwartz/Randal l
250 _a3
942 _cBK
654 _aperl
245 _aLearning Perl
260 _bOreilly
_c2001
082 _a5.133
_bSCH
300 _a316
546 _aENGLISH
999 _c24391
_d24391